Building code requirements for structural concrete and commentary / (Record no. 353407)

000 -LEADER
fixed length control field 00900 a2200253 4500
003 - CONTROL NUMBER IDENTIFIER
control field OSt
005 - DATE AND TIME OF LATEST TRANSACTION
control field 20180116192406.0
008 - FIXED-LENGTH DATA ELEMENTS--GENERAL INFORMATION
fixed length control field 120703t xxu||||| |||| 00| 0 eng d
020 ## - INTERNATIONAL STANDARD BOOK NUMBER
International Standard Book Number 0870312642 (paperback)
020 ## - INTERNATIONAL STANDARD BOOK NUMBER
International Standard Book Number 9780870312649 (paperback)
040 ## - CATALOGING SOURCE
Transcribing agency 0
082 ## - DEWEY DECIMAL CLASSIFICATION NUMBER
Classification number 690
100 1# - MAIN ENTRY--PERSONAL NAME
Personal name 318, Committee.
9 (RLIN) 5564
245 10 - TITLE STATEMENT
Title Building code requirements for structural concrete and commentary /
Statement of responsibility, etc. Committee 318.
260 ## - PUBLICATION, DISTRIBUTION, ETC.
Place of publication, distribution, etc. London :
Name of publisher, distributor, etc. ACI,
Date of publication, distribution, etc. 2008.
300 ## - PHYSICAL DESCRIPTION
Extent 473 p . :
Other physical details ill. ;
Dimensions 28 cm.
490 1# - SERIES STATEMENT
Series statement Aci 318-08, iso 19338:2007(E)
650 10 - SUBJECT ADDED ENTRY--TOPICAL TERM
Topical term or geographic name entry element Building laws
Geographic subdivision United States
9 (RLIN) 5565
650 10 - SUBJECT ADDED ENTRY--TOPICAL TERM
Topical term or geographic name entry element Concrete construction
General subdivision Standards
9 (RLIN) 5566
830 #0 - SERIES ADDED ENTRY--UNIFORM TITLE
Uniform title Aci 318-08, iso 19338:2007(E)
9 (RLIN) 5567
856 40 - ELECTRONIC LOCATION AND ACCESS
Materials specified Amazon.com
Uniform Resource Identifier <a href="http://www.amazon.com/exec/obidos/ASIN/0870312642/chopaconline-20">http://www.amazon.com/exec/obidos/ASIN/0870312642/chopaconline-20</a>
942 ## - ADDED ENTRY ELEMENTS (KOHA)
Institution code [OBSOLETE] SADA
Koha item type Book
Call number prefix 690 COM 2008
Source of classification or shelving scheme
Holdings
Withdrawn status Lost status Source of classification or shelving scheme Damaged status Not for loan Permanent Location Current Location Date acquired Total Checkouts Full call number Barcode Date last seen Price effective from Koha item type
          School of Art Design and Architecture (SADA) School of Art Design and Architecture (SADA) 07/18/2011   690 COM 2008 SADA0001546 08/05/2011 08/05/2011 Book
© 2023 Central Library, National University of Sciences and Technology. All Rights Reserved.